Riconosci il Pokémon - Quiz n°922 - Statistics

Statistiche generali
  • Questo quiz è stato fatto 0 volte
  • Il punteggio medio è 0 su 10
Statistiche sulle risposte
Indizio Risposta % Corretto
Altezza 0,7 m
0%
Peso 12,5 kg
0%
Tasso di cattura 75 (17.5%)
0%
Sesso 87.5% ♂, 12.5% ♀
0%
Tipo Buio; Normale / Spettro (Hisui)
0%
Stadio evoluzione Forma Base
0%
Abilità Illusione
0%
Tasso di allevamento Medio-Lento
0%
Generazione Quinta
0%
Pokémon Zorua
0%
Nessun quiz corrispondente trovato
Distribuzione punteggi
Percentuale di utenti per punteggio
Percentile per numero di risposta
I tuoi punteggi nel tempo
Non hai fatto questo quiz